000 00265nam a22001097a 4500
003 SGT
082 _a617.3
_bT16J
100 _aJAIN,ANIL K
245 _aTUREKS ORTHOPAEDICS PRINCIPLES AND THEIR APPLICATIONS
260 _aINDIA
_bWOLTER KLUWER
_c2016
942 _2ddc
_cBK
999 _c14302
_d14302